World War 3 : a military projection founded on today's facts /

Gorde:
Xehetasun bibliografikoak
Beste egile batzuk: Bidwell, Shelford
Formatua: Liburua
Hizkuntza:English
Argitaratua: Englewood Cliffs, N.J. : Prentice Hall, 1978.
Edizioa:1st American ed.
Gaiak:
LEADER 01080nam a2200301 i 4500
001 c000332542
003 CARM
005 00000000000000.0
008 790405r1978 njua b 001 0 eng
019 1 |a 1331900  |5 LACONCORD2021 
020 |a 0139691219 :  |c $14.95 
035 |a (OCoLC)4424182  |5 LACONCORD2021 
050 0 0 |a U313  |b .W67 1978 
082 0 0 |a 355.4/8 
245 0 0 |a World War 3 :  |b a military projection founded on today's facts /  |c general editor, Shelford Bidwell. 
250 |a 1st American ed. 
260 |a Englewood Cliffs, N.J. :  |b Prentice Hall,  |c 1978. 
300 |a 208 p. :  |b ill. ;  |c 27 cm. 
500 |a Includes index. 
504 |a Bibliography: p. 206. 
650 0 |a World War III. 
650 0 |a Military readiness. 
650 0 |a Strategy. 
650 0 |a World politics  |y 20th century. 
700 1 |a Bidwell, Shelford. 
852 8 |b CARM  |h A1:AM24C0  |i F03108  |p 0435507  |f BK 
999 f f |i 1b50a31b-92fb-56be-8692-18e9cb7966b0  |s 3d312a1e-1de9-536b-8f11-f037fb1e7013 
952 f f |p Can circulate  |a CAVAL  |b CAVAL  |c CAVAL  |d CARM 1 Store  |e F03108  |f A1:AM24C0  |h Other scheme  |i book  |m 0435507